Zakázaná láska /
Úvodní díl nové romantické série od australské autorky.
Uloženo v:
| Série: | Love, beauty & soul,
část 1 |
|---|---|
| Hlavní autor: | |
| Další autoři: | |
| Médium: | Kniha |
| Jazyk: | Czech |
| Vydáno: |
Praha :
Metafora,
2026
|
| Vydání: | První vydání |
| Témata: | |
| Celkem bylo vypůjčeno: | 1x |
| Příbuzné jednotky: | Z cyklu::
Love, beauty & soul |
| Tagy: |
Žádné tagy |
| LEADER | 02583nam a2200469 i 4500 | ||
|---|---|---|---|
| 001 | 106686 | ||
| 003 | CZ PrNK | ||
| 005 | 20260630153459.0 | ||
| 007 | ta | ||
| 008 | 260602s2026 xr g 000 f cze | ||
| 015 | |a cnb003761311 | ||
| 020 | |a 9788076259522 |q (brožováno) : |c Kč 449,00 | ||
| 040 | |a ABG001 |b cze |d ABA001 |e rda | ||
| 041 | 1 | |a cze |h eng | |
| 072 | 7 | |a 821.111-3 |x Anglická próza, anglicky psaná |2 Konspekt |9 25 | |
| 080 | |a 821.111(94)-31 |2 MRF | ||
| 080 | |a (0:82-312.5) |2 MRF | ||
| 080 | |a (0:82-31)-055.2 |2 MRF | ||
| 100 | 1 | |a Penny, Ann |7 xx0345965 |4 aut |9 117541 | |
| 240 | 1 | 0 | |a Capturing love. |l Česky |
| 245 | 1 | 0 | |a Zakázaná láska / |c Ann Penny ; přeložila Zdenka Lišková |
| 250 | |a První vydání | ||
| 264 | 1 | |a Praha : |b Metafora, |c 2026 | |
| 300 | |a 333 stran ; |c 21 cm | ||
| 336 | |a text |b txt |2 rdacontent | ||
| 337 | |a bez média |b n |2 rdamedia | ||
| 338 | |a svazek |b nc |2 rdacarrier | ||
| 500 | |a Přeloženo z angličtiny | ||
| 520 | 2 | |a Úvodní díl nové romantické série od australské autorky. |b Josie Spencerová je rozhodnutá využít svůj nový začátek v New Yorku naplno. Radost jí dělají hlavně malé věci - dobrá pizza, skvělá hudba, béčkové filmy a pozorování světa skrze objektiv fotoaparátu. Láska? Ta pro ni zrovna není prioritou. Grayson Harlow má do jednoduchosti daleko. Je okouzlující, inteligentní a pevně svázaný železnými okovy rodinného impéria. Když se s Josie náhodou setká v Las Vegas, nemůže ji dostat z hlavy - je temperamentní, vášnivá a naprosto nedosažitelná. Okamžitě mezi nimi přeskočí jiskra a nedá mu spát. Jenže o několik měsíců později Josie zjistí, že Grayson je její nový šéf. Přitažlivost mezi nimi se rázem stává nebezpečnou. Jeho mocná rodina Josie považuje za hrozbu a udělá cokoli, aby se jí zbavila. Nakladatelská anotace. Kráceno. | |
| 655 | 7 | |a australské romány |7 fd131842 |2 czenas |9 53446 | |
| 655 | 7 | |a milostné romány |7 fd132840 |2 czenas |9 53718 | |
| 655 | 7 | |a romány pro ženy |7 fd187897 |2 czenas |9 115 | |
| 655 | 9 | |a Australian fiction |2 eczenas | |
| 655 | 9 | |a love novels |2 eczenas | |
| 655 | 9 | |a women's novels |2 eczenas | |
| 700 | 1 | |a Lišková, Zdenka |7 pna2012730651 |4 trl |9 28809 | |
| 710 | 2 | |a Metafora (nakladatelství) |7 ko20251277658 |4 pbl |9 117218 | |
| 787 | 0 | 8 | |i Z cyklu: |t Love, beauty & soul |g 1 |
| 910 | |a UOG502 | ||
| 942 | |2 ddc |c KN | ||
| 999 | |d 106686 | ||
| 993 | |0 0 |1 421180107411 |2 ddc |4 0 |7 0 |9 100189 |b 0 |c 107411 |d 2026-06-30 |e 1 |f DOSP |h 449.00 |i Koupě |l DOSP |q 2026-08-12 |r 2026-07-01 |s 2026-07-01 |t 6 |w 2026-06-30 |y KN |z BELET |n | ||